Les 15 plus grandes villes de Haute Garonne - Statistiques

Statistiques générales
  • Ce quiz a été pris 271 fois
  • Le résultat moyen est 9 sur 15
Statistiques - réponses
Nbre Habitants Ville % Correct
493 465 Toulouse
100%
25 525 Blagnac
87%
24 797 Muret
87%
39 968 Colomiers
86%
16 625 Balma
76%
28 117 Tournefeuille
72%
11 773 Saint Gaudens
59%
14 600 Ramonville - Saint Agne
58%
11 798 L'Union
50%
19 344 Cugnaux
47%
12 696 Saint Orens de Gammeville
41%
19 402 Plaisance du Touch
39%
14 213 Castanet Tolosan
29%
11 017 Saint Jean
22%
12 170 Fonsorbes
20%
Aucun quiz correspondant
Distribution des résultats
% des personnes avec chaque résultat
Percentile par nombre de réponses
Votre historique - résultats
Vous n’avez pas pris ce quiz